Modern European Drama: (Record no. 201431)

MARC details
000 -LEADER
fixed length control field 00578nam a22001817a 4500
005 - DATE AND TIME OF LATEST TRANSACTION
control field 20240408171015.0
008 - FIXED-LENGTH DATA ELEMENTS--GENERAL INFORMATION
fixed length control field 090826t xxu||||| |||| 00| 0 eng d
010 ## - LCCN (DPL NO)
LC control number ENG-139676
020 ## - INTERNATIONAL STANDARD BOOK NUMBER
International Standard Book Number 9788190941693
Terms of availability 600.00
035 ## - SYSTEM CONTROL NUMBER
System control number EN-123208
037 ## - SOURCE OF ACQUISITION
Source of stock number/acquisition DBAD/PUB
082 ## - DEWEY DECIMAL CLASSIFICATION NUMBER
Classification number 889.20094
245 ## - TITLE STATEMENT
Title Modern European Drama:
Remainder of title Ibsen To Beckett/
Statement of responsibility, etc Edited By Swati Pal
260 ## - PUBLICATION, DISTRIBUTION, ETC. (IMPRINT)
Name of publisher, distributor, etc D.K. Fine Art Press (P) Ltd.
Place of publication, distribution, etc Ashok Vihar
270 ## - ADDRESS
Address A-6, Nimri Commercial Centre
City New Delhi
Postal code 110052
300 ## - PHYSICAL DESCRIPTION
Extent 228p;
Dimensions 22cm(hb)
942 ## - ADDED ENTRY ELEMENTS (KOHA)
Source of classification or shelving scheme Dewey Decimal Classification
Item type English Books
Classification part 889.20094
Call number suffix MOD
Edition 1
Holdings
Withdrawn status Lost status Source of classification or shelving scheme Damaged status Not for loan Collection code Home library Current library Date acquired Source of acquisition Cost, normal purchase price Total Checkouts Full call number Barcode Date last seen Copy number Cost, replacement price Koha item type
    Dewey Decimal Classification     Non-fiction Bawana Bawana 12/03/2024 DBAD 600.00   889.20094 MOD EN-123208 12/03/2024 1 600.00 English Books

© Delhi Public Library
Hit Counter
free hit counter